00724 2200205 4500001002100000005001700021008004100038035002400079040001200103082001000115090001900125100001800144245013500162260009800297300003800395504003000433650002500463850001200488990001800500YOGYA-1112000000005920121107093138.0 ind  0010-111200000000059 aYOPDYOG a362.1 aSK 362.1 Tan H aTANTU SUSANTO aHubungan antara persepsi tarif retribusi dengan kualitas pelayanan di Balai Pengobatan Puskesmas Kasihan II BantulcTantut Susanto aYogyakartabProgram Studi Ilmu Keperawatan Fakultas Kedokteran Universitas Gadjah Madac2003. ax, 62 (51) lbrbilus, Lampc30 cm aBibliografi : [lbr.63-66] aKesehatan, Pelayanan aYOPDYOG a41794-PD/A.12